Normal view
MARC view
Entry Personal Name
001 - CONTROL NUMBER
- control field: 49220
003 - CONTROL NUMBER IDENTIFIER
- control field: ARRUPE
005 - DATE AND TIME OF LATEST TRANSACTION
- control field: 20200131110136.0
008 - FIXED-LENGTH DATA ELEMENTS
- fixed length control field: 200131|| aca||aabn | a|a d
040 ## - CATALOGING SOURCE
- Original cataloging agency: ARRUPE
- Transcribing agency: ARRUPE
100 ## - HEADING--PERSONAL NAME
- Personal name: Janz, Bruce B.,
- Dates associated with a name: 1960-
670 ## - SOURCE DATA FOUND
- Source citation: Work cat.: (ARRUPE)0: Janz, Bruce B., 1960-, Philosophy in an African place /, c2009.